| 000 | 00847cab a2200265 4500 | ||
|---|---|---|---|
| 001 | WB3026-37 | ||
| 008 | 090401t1994 xxu||||| |||| 00| 0 eng d | ||
| 035 | _a(Sirsi) u80257 | ||
| 041 | _aeng | ||
| 245 | _aManagement of mineral sites | ||
| 260 | _c1994 | ||
| 350 | _a0 | ||
| 490 |
_aEstates Gazette _v(9426) 2 July 1994, 67(1) |
||
| 520 | _aHigher standards in environmental management of minerals sites is required and production costs consequently will rise. "The Greensite report" prepared for the DoE is published. | ||
| 650 | _aCAREERS, EDUCATION AND TRAINING | ||
| 650 | _aENVIRONMENTAL MANAGEMENT | ||
| 650 | _aGREENSITE REPORT | ||
| 650 | _aGROUNDWORK ASSOCIATES | ||
| 650 | _aMINERALS INDUSTRY | ||
| 650 | _aOVERSPECIFICATION | ||
| 650 | _aRICS | ||
| 690 | _aMINING AND MINERALS | ||
| 942 | _n0 | ||
| 948 | _c04/03/1997 | ||
| 999 |
_c50523 _d50523 |
||